ARRUPE JESUIT UNIVERSITY

CORONAVIRUS -STOP THE SPREAD - CLEAN,DISINFECT,COVER

Introduction to cognition and communication / (Record no. 121925)

MARC details
000 -LEADER
fixed length control field 01156cam a2200313 a 4500
001 - CONTROL NUMBER
control field 13944025
003 - CONTROL NUMBER IDENTIFIER
control field ARRUPE
005 - DATE AND TIME OF LATEST TRANSACTION
control field 20150205110719.0
008 - FIXED-LENGTH DATA ELEMENTS--GENERAL INFORMATION
fixed length control field 050427s2006 maua b 001 0 eng
010 ## - LIBRARY OF CONGRESS CONTROL NUMBER
LC control number 2005049126
020 ## - INTERNATIONAL STANDARD BOOK NUMBER
International Standard Book Number 0262195380 (alk. paper)
040 ## - CATALOGING SOURCE
Original cataloging agency DLC
Transcribing agency DLC
Modifying agency DLC
042 ## - AUTHENTICATION CODE
Authentication code pcc
050 00 - LIBRARY OF CONGRESS CALL NUMBER
Classification number P91
Item number .S736 2006
082 00 - DEWEY DECIMAL CLASSIFICATION NUMBER
Classification number 302.2
Edition number 22
300 ## - PHYSICAL DESCRIPTION
Other physical details ill. ;
Dimensions 24 cm.
100 1# - MAIN ENTRY--PERSONAL NAME
Personal name Stenning, Keith.
9 (RLIN) 14748
245 10 - TITLE STATEMENT
Title Introduction to cognition and communication /
Statement of responsibility, etc Keith Stenning, Alex Lascarides, and Jo Calder.
260 ## - PUBLICATION, DISTRIBUTION, ETC. (IMPRINT)
Place of publication, distribution, etc Cambridge, Mass. :
Name of publisher, distributor, etc MIT Press,
Date of publication, distribution, etc c2006.
300 ## - PHYSICAL DESCRIPTION
Extent vi, 603 p. :
500 ## - GENERAL NOTE
General note "A Bradford book."
504 ## - BIBLIOGRAPHY, ETC. NOTE
Bibliography, etc Includes bibliographical references and index.
650 #0 - SUBJECT ADDED ENTRY--TOPICAL TERM
Topical term or geographic name as entry element Communication.
9 (RLIN) 11572
650 #0 - SUBJECT ADDED ENTRY--TOPICAL TERM
Topical term or geographic name as entry element Cognitive science.
9 (RLIN) 2345
700 1# - ADDED ENTRY--PERSONAL NAME
Personal name Lascarides, Alex.
9 (RLIN) 14749
700 1# - ADDED ENTRY--PERSONAL NAME
Personal name Calder, Jo.
9 (RLIN) 14750
906 ## - LOCAL DATA ELEMENT F, LDF (RLIN)
a 7
b cbc
c orignew
d 1
e ocip
f 20
g y-gencatlg
942 ## - ADDED ENTRY ELEMENTS (KOHA)
Source of classification or shelving scheme Library of Congress Classification
Koha item type Monograph ( Printed materials)
Holdings
Withdrawn status Lost status Source of classification or shelving scheme Damaged status Not for loan Collection code Home library Current library Shelving location Date acquired Total Checkouts Full call number Barcode Date last seen Price effective from Koha item type
    Library of Congress Classification     Main Collection ARRUPE LIBRARY ARRUPE LIBRARY Main Collection 29/01/2015   P91 .S736 2006 46500001119 26/02/2019 29/01/2015 Monograph ( Printed materials)

 

Arrupe Library. PO Box MP320 Mt Pleasant, Harare, Zimbabwe
263 242 745411|librarian@aju.ac.zw